000 00373nam a22001337a 4500
008 220124b ||||| |||| 00| 0 eng d
020 _a9789352800087
082 _a297.4
_b1
100 _aErnst Carl.W
_97522
245 _aIt's Not Just Academic (Essays on Sufism and Islamic Studies)
260 _aNew Delhi
_bSAGE Publications
_c2018
300 _a490.P
942 _2ddc
_cBK
999 _c11948
_d11948